[Event "SuperGM"]
[Site "Linares ESP"]
[Date "2002.03.04"]
[Round "9"]
[White "Ponomariov, Ruslan"]
[Black "Adams, Michael"]
[Result "1-0"]
[WhiteElo "2727"]
[BlackElo "2742"]
[Annotator "Hathaway, Mark"]

1. e4 e5
{ Adams lost in round six and was the odd man out in round 7, so he really needs to win. But, he beat Ponomariov in round 2, so is it really to be expected that he could beat him again? }
2. Nf3 Nc6 3. Bb5 a6 4. Ba4 Nf6 5. O-O Be7 6. Re1 b5 7. Bb3 O-O
{ Considering his need to win this is a good choice. }
 ( 7...d6 
{ Adams-Ponomariov, Spanish, Zaitsev Variation, round 2, 1-0 in 76 moves }
 ) 8. c3
{ Taking on the Marshall Gambit head-on is a curious choice,but if he should win he'd again be in a tie for first with Kasparov (who is odd man out this round) . Apparently this is a crucial game for both players. And, Ponomariov would probably like to get revenge for his earlier loss to Adams. }
 ( 8. a4 
{ has been used quite frequently to avoid a Marshall Gambit }
 ) 8...d5
{ One doesn't often see the Marshall Gambit at the highest GM levels. It's not refuted or considered to be overwhelming, but most players simply don't like to walk into a variation with which they're not fully prepared and their opponent may know the theory 30 moves deep. }
9. exd5 Nxd5 10. Nxe5 Nxe5 11. Rxe5 c6 12. d4 ( 12. d3 ) ( 
{ Here's another approach, somewhat different from the usual: }
 12. Bxd5 cxd5 13. d3 Bd6 14. Re3 Qh4 15. g3 Qh3 16. a4 Bg4 17. Qf1 Qh5 18. Nd2 Rae8 19. axb5 axb5 20. Nb3 f5 ( 20...Rxe3 21. Bxe3 Be2 22. Qg2 Bxd3 23. Nd4 ) 21. Nd4 f4 22. Rxe8 Rxe8 
{ threat: ...Bg4-h3 to trap Qf1 }
 23. Bd2 ) 12...Bd6 13. Re1 ( 13. Re2 ) 13...Qh4 14. g3 Qh3 15. Re4
{ Rather than develop pieces White immediately threatens Re4-h4 to eject Qh3. }
 ( 
{ Often played in the past was }
 15. Be3 Bg4 16. Qd3 Rae8 17. Nd2 ) 15...g5 16. Qe2
{ This indicates an intention to give back some material (as Re4 is pretty well stuck in the middle of the board) and not to spend time chasing Qh3 back. He's only committed to this after Black weakened his king's position with 15...g5. }
16...Nf6
{ Black has no reason to give his Bc8 for Re4 when the knight can do the job. }
17. Nd2 Bf5 18. f3
{ White's Nd2 is a key to this formation. If it moves Black breaks through at e4. If White can cause Black to capture at e4 he'll recapture Nd2xe4 and from e4 the knight threatens Bd6 or Ne4-f6+ and in some cases Ne4-f2. }
18...c5
{ With White's Re4 and Qe2 clogging the e-file Black can't find a way to activate his rooks, so he tries to create another target with c5xd4, or does he only intend ...c5-c4 to block out Bb3? It's hard to know what's on his mind at this point. }
 ( 18...h5 19. Nf1 ( 19. Qg2 $6 
{ It doesn't necessarily make sense to offer a queen trade now that White is offering an exchange at e4. }
 19...Qxg2+ 20. Kxg2 g4 21. Bc2 
{ and White avoids danger to his king while keeping the center secured }
 21...gxf3+ 22. Kxf3 Bxe4+ 23. Nxe4 Nxe4 24. Bxe4 ) 19...Rae8 20. Re5 
{ threatening Bc1xg5 or just Bc1-d2 and Ra1-e1 }
 ) 19. Qf2 c4
{ Though he kicks Bb3 back he's also extended the pawn further than it can easily be supported. This fact gives White an opportunity to counter on the queen-side, where one should recall/recognize White has more pawns. }
 ( 19...cxd4 $5 
{ I'm not certain which way White might want to recapture, but none was part of his earlier plan and that might make his piece organization fall apart. }
 ) 20. Bc2 h6 21. b3 cxb3 22. axb3 Rfc8 23. Bb2
{ a way of developing which I'd bet is extremely rare for this opening variation }
23...Bb4
{ The position is changing, away from the earlier direct assault on Kg1, and Re4 might be lost for no perceptible gain. It's a wide open tactical slugfest! }
24. Re5 ( 24. cxb4 $4 Rxc2 ) 24...Bxc2 ( 24...Bxc3 $4 25. Bxf5 ) 25. cxb4 Bg6
{ Black still wants ...Rc8-c2. }
26. Rc5
{ After this White has things secured and he might consider d4-d5 to open up Bb2 (and possibly Qf2-d4) or Ra1-c1. }
26...Re8
{ Black begins a plan of invasion: ...Bg6-d3, ...Re8-e2. This keeps Qf2 tied down, but it doesn't really prevent d4-d5-d6 to create general piece activity for White. }
27. Nf1 Rad8 ( 27...Bd3 
{ threatening ...Re8-e2, can be met by Ra1-e1 or Nf1-e3 or Rc5-e5 }
 ) 28. d5
{ threatening Bxf6 }
28...Nd7
{ It's hard to find a better move, but he shouldn't play this unless he really intends to capture Rc5. }
 ( 28...Nxd5 $4 29. Qd4 ) ( 28...Rd6 ) 29. Ne3
{ White offers Rc5 again, knowing the two advanced connected passed pawns (a Pc5 and Pd5) would be powerful and very unappealing to Black. Black's offense is quickly receding and Kg1 looks completely safe. }
 ( 29. Qd4 $2 
{ is premature because of }
 29...Ne5 ) 29...h5 30. f4
{ White does a good job of restraining Nd7 with some offense. Pf4 prevents ...Nd7-e5, but it can also advance to block Bg6. }
30...h4 31. f5 hxg3 32. hxg3 Bh5 33. d6
{ crucial to prevent ...Nd7-e5-f3+ }
33...Re4 34. Rac1
{ White's plan now seems to be to trade-off or get rid of Rd8 and Nd7, so Pd6 can advance. Black has generated enough of a threat to Kg1 so that he'd be risking a lot to move away Qf2. So, Kg8 remains safe for now. }
34...Nxc5 ( 34...Rxb4 $4 35. Rc8 Rxc8 36. Rxc8+ Kh7 ( 36...Nf8 37. d7 ) 37. Rh8# ) 35. bxc5 Kh7 36. Bf6 Rg8 37. d7 Rh4
{ threat: ...Qh3-h1#. Rg8 helps to make it impossible for White to capture Rh4. White intends to spend as few tempi as possible defending, so he can push through Pd7. }
38. Qg2 Bf3 39. Qxh3 ( 39. Qf2 Qh1# ) 39...Rxh3
{ Black threatens ...Rh3-h1+ and ...Rxc1 to get behind Pc5. He'd sacrifice Rg8 for one pawn, but he has to stop the other from advancing. }
40. Kf2 g4 41. Nf1 Rh5 42. d8=Q Rxd8 43. Bxd8 Rxf5 44. Ne3 Rh5 45. Bh4
{ This neat retreating move blocks the rook completely, so Pc5 will advance and promote, probably forcing Black to give another of his pieces for it. So, Ponomariov moves into a tie with Kasparov for the lead and Adams, with three defeats in his nine games falls far behind. }
1-0

[Event "SuperGM"]
[Site "Linares ESP"]
[Date "2002.03.04"]
[Round "9"]
[White "Shirov, Alexei"]
[Black "Ivanchuk, Vassily"]
[Result "1-0"]
[WhiteElo "2715"]
[BlackElo "2717"]
[Annotator "Hathaway, Mark"]

1. e4
{ Shirov almost exclusively plays 1. e4, but he played 1. d4 quite a lot in his youth. His book, Fire On Board actually has very few games with 1. e4. This game is very important to both players. Ivanchuk needs to win to keep a share of the lead and Shirov needs the win to get back in the race. He could climb out of the cellar and back to second place with a win. }
1...e5 2. Nf3 Nc6 3. Bb5
{ Ivanchuk will, and does, play just about any opening as White or Black. He's a pure player who chooses openings to match a particular opponent. I wonder what he has in mind for Shirov. }
3...a6 4. Ba4 Nf6 5. O-O Be7 6. Re1 b5 7. Bb3 O-O
{ threatening (!) a Marshall Gambit }
8. a4
{ trying to avoid it }
8...Bb7 9. d3 Re8 10. Nbd2
{ Shirov chooses a less confusing course, but does leave open a possibility for Black to play ...d7-d5. }
 ( 10. Na3 
{ was played by ... Ivanchuk! in his round seven game against Adams }
 ) ( 10. Nc3 
{ is probably safest }
 ) 10...Bf8 11. c3
{ This is a useful move for several purposes: one is to prevent ...Nc6-d4; another is to allow Qd1 to defend Pa4, so that after ...Nc6-a5 White can retreat Bb3-a2 (on the better diagonal) without losing Pa4. He may have some idea of playing d3-d4, but at the moment that would probably help Black more than White. White would rather maneuver Nd2-f1-g3 (defending Pe4 again) before committing to d3-d4 (which would weaken Pe4) . }
11...Na5 ( 11...d5 ) 12. Ba2 c5
{ Apparently Ivanchuk feels he's put enough pressure on White's central pawns to keep them in place (as targets I suppose) and he secures that with Pc5. His next step would be to play more actively on the light squares. White is secure on the light squares, but might not have time to transition from that (a defensive duty) to something more aggressive. }
13. d4
{ The glass shatters and White simply steps over it. He says there never was a "bind" or pressure. }
13...d6 14. b4 exd4
{ Leave it to Ivanchuk to break all the rules and create something amazing like this. Is it good or just silly horrible? Nobody can know without playing it out. }
 ( 14...Nc6 15. bxc5 ( 15. d5 ) 15...dxc5 16. d5 ) 15. bxa5 dxc3
{ I suppose one of the key ideas is that Nd2 will now have to move and that gives Pe4 to Black. Pa5 might or might not be gathered-in as the game progresses. Anyway, the central Pe4 is much more important as it blocked Black's pieces. }
16. Nf1 Nxe4
{ I'd generally want to put the "biggest, most dangerous" piece in front. In this case he may have felt it was simply unsafe to capture with the rook or bishop. But, if safe, either would be preferable to the knight. }
 ( 16...Rxe4 $2 17. Ng5 Re7 18. Rxe7 Qxe7 19. Bxf7+ Kh8 ) ( 
{ Perhaps better is to immediately control the square in front of Pc3, threatening ...b5-b4 with a terrific permanent threat to advance those pawns. }
 16...Bxe4 17. Ng5 Bg6 ) 17. axb5 axb5 18. a6 Bc6 ( 18...Rxa6 19. Bxf7+ Kxf7 20. Rxa6 Bxa6 21. Qd5+ 
{ when Ne4 falls and Black's king will be in need of safe cover for some time }
 ) 19. Rxe4 $1
{ White might have to do this to avoid having Ba2 shut out of play. }
19...Bxe4 ( 19...Rxe4 20. Bxf7+ Kh8 21. Bd5 Bxd5 22. Qxd5 Re8 23. Ng5 
{ and White's pieces are ruling the day }
 ) 20. Bxf7+ Kxf7 21. Ng5+ Kg8 22. Nxe4
{ How does one judge such a position? It's probably easier to not make judgments, since it's already a fact that these imbalances exist. It's easier to just figure out what to do next and do it. Clearly Black needs to get rid of Pa6, but not to allow his Kg8 to become mincemeat. It would be nice to play ...d6-d5, but Ne4xc3 just hops around knocking off one pawn after another. }
22...Qc8 23. Nxc3 Rxa6 24. Rb1 $1
{ It's better to leave Pb5 than to give up on an attack against Kg8. So, he leaves Rb1 on the back rank to slow Black's pawns and perhaps to help protect Kg1. }
 ( 24. Rxa6 Qxa6 25. Qd5+ ( 25. Qb3+ $2 c4 26. Qxb5 Qxb5 27. Nxb5 d5 
{ solves Black's king safety problems and would probably lead to victory }
 ) 25...Kh8 26. Qf7 Rb8 
{ and it's not completely clear how White should continue the offensive; but Black's plan IS completely clear -- advance a pawn to make a queen }
 ) 24...b4 25. Nd5 Ra7 26. Rb3 $1
{ Now this is interesting. I'd thought the rook was to serve defensively and already he's moving it to an offensive placement. }
26...Ra1
{ If both sides throw everything they've got into their offensives it's going to be difficult for either side to defend. }
27. h3
{ The position has a lot in common with some of the Spanish, Zaitsev Variation games. }
27...Re5
{ Qd1 is overworked defending both Bc1 and Nd5, so something's got to give. }
28. Nf4 Qe8
{ threatening ...Re5-e1 to win Bc1 and probably the game. }
29. Rf3 $5
{ a tricky defense which continues the effort to generate some king-side offense }
 ( 29. Ne3 $2 
{ blocks the e-file, but also Rb3. Square e3 is a crossroad which Nf1, Bc1 and Rb3 might need to go through. }
 ) 29...c4 ( 29...Re1 $2 30. Qd5+ Kh8 31. Re3 Rxe3 32. Bxe3 $16 ) 30. Kh2 b3 $2 ( 30...c3 
{ gets in the way of Bc1, but opens the b3-g8 diagonal }
 ) ( 30...Qa4 $5 
{ Trying to exchange queens might be good. Even though White has the extra minor piece Black has to remember his pawns could still be strong. }
 ) 31. Qd2 d5 32. Ne3 $1
{ Shirov courageously takes on the Black pawns, rather than trade minor pieces for a rook & pawns, as in the note. }
 ( 32. Nxd5 Rxc1 ( 32...Bd6 $6 33. Ng3 Re1 $4 
{ aiming for ...Ra1xc1, ...Re1-h1# }
 34. Re3 Raxc1 35. Rxe8+ Kf7 36. Rxe1 $18 ) 33. Qxc1 Rxd5 34. Qxc4 Qb5 35. Qxb3 $14 ) 32...Bd6
{ This is based on the "trick" that Bd6 is aligned with Kh2. }
 ( 32...Bb4 33. Qxb4 Rxc1 34. Nfxd5 ) 33. g3 $6 ( 33. Bb2 
{ Getting this one last important piece into play might nullify Black's pawns and turn the tide decisively in White's favor. }
 ) 33...Qc6
{ Black spots that Rf3 is undefended and immobile. As Lasker said, that which is immobile may be uprooted and destroyed by the winds. }
34. Ng4 ( 34. Bb2 Ra2 
{ keeps the pressure on, but pretty much gives upon ...d5-d4 to discover an attack on Rf3 }
 ( 34...d4 35. Bxd4 Qxf3 36. Bxa1 ( 36. Bxe5 $4 Rh1# ) ) ) 34...d4 $1
{ This is a major crisis because Black's pawns will either smother White or White will fight through them, one way or another, and finally get to Kg8. }
 ( 
{ Another interesting possibility is }
 34...Rf5 $13 ) ( 34...Ra2 $6 
{ doesn't seem to work quite as well }
 35. Nxe5 Rxd2 ( 35...Bxe5 36. Qxd5+ Qxd5 37. Nxd5 
{ threatening Nd5-e7+ to checkmate }
 ) 36. Nxc6 b2 37. Bxb2 Rxb2 38. Nxd5 $16 ) 35. Qxd4 $1
{ Courageous! }
35...Re4 $4
{ a slight misstep, perhaps in time pressure }
 ( 35...Qxf3 $1 
{ consistent with previous play }
 36. Qxa1 $4 
{ This misplaces the queen. }
 ( 36. Nxe5 
{ continuing to head toward Kg8 }
 36...Rxc1 ( 36...Bxe5 $4 37. Qd8+ 
{ and suddenly Kg8 is defenseless! }
 ( 37. Qxe5 $4 Qxf2+ 38. Ng2 Rxc1 $19 ) 37...Kf7 38. Qd7+ Kf6 39. Qe6+ Kg5 40. h4# ) 37. Ng2 Bxe5 38. Qxe5 $19 ) 36...Re1 37. Ng2 Re2 
{ threatening ...Bxg3+ }
 ( 37...Bxg3+ $4 38. fxg3 Re2 39. N4e3 ) ) 36. Qxa1
{ Wow! What a dramatic way for the game to end. This is one of the more interesting games so far in the tournament. I don't know if Ivanchuk lost by time forfeit, but the loss of Ra1 was probably enough to cause his capitulation. As a last-gasp effort I'd think 36...Re1 should be tried. If White responds with 37. Rc3 to remove the rook from danger and to over-protect Bc1 then he leaves himself open to 37...Qh1#. And, if Shirov played 37. Kg2 (leaving Rf3 pinned) Black could go ahead with a pawn push, hoping for a miracle comback. So, Ivanchuk climbs toward the top, now tied with Ponomariov and Anand, only one-half point behind Kasparov (though Ponomariov has already had his odd-man-out day off) . }
1-0

[Event "SuperGM"]
[Site "Linares ESP"]
[Date "2002.03.04"]
[Round "9"]
[White "Vallejo Pons, Francisco"]
[Black "Anand, Viswanathan"]
[Result "1/2-1/2"]
[WhiteElo "2629"]
[BlackElo "2757"]
[Annotator "Hathaway, Mark"]

1. c4 e5 2. Nc3 Nf6 3. Nf3 Nc6 4. g3 ( 4. e4 
{ Vallejo Pons - Kasparov, round 1, 1/2-1/2 in 49 moves (Kasparov probably missed a win) }
 ) 4...Bb4
{ There's no pin on Nc3, but he might remove it to prevent White from keeping control of d5 }
 ( 4...d5 
{ Vallejo Pons - Ponomariov, round 5, 1/2-1/2 in 65 moves }
 ) ( 4...Nd4 $5 
{ Black seeks a knight trade to allow ...c7-c6, leaving few or no weaknesses in his position. This move also contains a small trick. }
 5. Bg2 ( 5. Nxe5 $4 Qe7 
{ and Ne5 is stuck. If it moves Black has ...Nd4-f3# }
 6. f4 d6 7. e3 dxe5 8. exd4 exd4+ 9. Ne2 d3 $19 ) 5...Nxf3+ 6. Bxf3 Bc5 
{ with ...c7-c6, guarding d5, to come }
 ) 5. Nd5
{ White would rather trade for Nf6 and leave Bb4 to look for something to do. }
5...Bc5 6. Bg2 ( 6. Nxe5 $4 Nxe5 7. d4 Nxd5 
{ gives both Ne5 and Bc5 an out: ...Ne5xc4 and ...Bc5-b4+ }
 8. dxc5 Nf6 $19 ) 6...d6 7. O-O O-O 8. e3
{ White takes away d4 and will also probably play a2-a3, b2-b4 to chase Bc5 and Nc6. The cost is that it blocks in Bc1 for a time. It also prepares to meet ...Nf6xd5. }
8...a6
{ This isn't to play ...b7-b5, as that would weaken Nc6 far too much. Instead, it gives Bc5 room to retreat. }
 ( 8...Nxd5 9. cxd5 Ne7 10. d4 exd4 11. Nxd4 ) 9. b3
{ Since Black has spent a tempo on ...a7-a6 White decides to play Bc1-b2 and d2-d4. This seems perfectly reasonable. }
 ( 9. a3 Ba7 10. d3 ) 9...Ba7 10. Nxf6+
{ I don't quite know why he'd allow Black's queen to come out so easily. Leaving Nf6 kept Qd8 blocked. }
 ( 10. Bb2 Nxd5 11. cxd5 Ne7 12. Ne1 ) 10...Qxf6
{ threat ...e5-e4 with a two-fold attack on Ra1 and Nf3 }
11. Bb2 Bg4
{ This pin is important and has to be broken with h2-h3. The immediate threat is NOT ...e5-e4 because Bb2 still pins Pe5 to Qf6. But, Black might play ...Qf6-e6 to prepare ...e5-e4 and/or ...Bg4-h3xg2. }
12. h3 Bh5 13. d3 Qe7 14. Qd2
{ This position doesn't offer many possibilities for White to win, but Ba7 and Nc6 are blocked, so Black doesn't have much either. }
14...f5 15. Rae1 Rae8 16. Bc3 Kh8 17. Nh4
{ White is feeling squeezed and uses this tactic to force f2-f4 or another simplification. }
 ( 17. d4 ) 17...Qg5
{ preventing f2-f4 for the moment }
 ( 17...g5 18. Nxf5 Rxf5 19. g4 Rf7 20. gxh5 ) 18. Kh2 f4 $1 19. exf4 exf4
{ After this White is more free to play d3-d4, completely shutting out Ba7. However, king safety comes first, so he forces simplification. }
20. Rxe8 Bxe8
{ What's the bishop doing on e8? I don't think he wanted to risk an endgame a pawn down, even if he had compensation. }
 ( 20...Rxe8 21. Be4 $1 ( 21. Re1 Be3 22. Qb2 ( 22. fxe3 $2 Qxg3+ 23. Kh1 Qxh4 24. exf4 Rxe1+ 25. Qxe1 Qxf4 ) 22...Ne5 ) ( 21. Qxf4 $2 Qxf4 22. gxf4 Re2 $17 
{ White's extra pawn is doubled and isolated, but Black's pieces are terrific. }
 ) ) 21. Nf3 fxg3+
{ It seems to me Anand played terrific up to a point and then became gun-shy. So, Vallejo Pons continues racking up the draws. }
1/2-1/2